<?xml version="1.0" encoding="UTF-8"?>
<marc:record xmlns:marc="http://www.loc.gov/MARC21/slim">
   <marc:leader>00000nam a2200000 a 4500</marc:leader>
   <marc:datafield ind1="0" ind2="0" tag="245">
      <marc:subfield code="a">Lolo</marc:subfield>
   </marc:datafield>
   <marc:datafield ind1="1" ind2=" " tag="520">
      <marc:subfield code="a">Beim Thalasso-Urlaub mit Freundin in Biarritz verknallt sich die in der Modebrache arbeitende Pariserin Violette Hals über Kopf in den Computerexperten Jean-René, trotz seiner modischen Geschmacklosigkeit. Als er wegen des Jobs nach Paris zieht, wollen sie sogar die Zukunft gemeinsam angehen. Das versucht aber Violettes 19-jähriger Filius zu verhindern. Während er bei dem Konkurrenten den "best buddy" mimt, lässt er ihn in jedes Fettnäpfchen stolpern. Und fast gelingt es ihm, das Liebespaar auseinanderzubringen.</marc:subfield>
   </marc:datafield>
   <marc:datafield ind1=" " ind2=" " tag="041">
      <marc:subfield code="a">ger</marc:subfield>
   </marc:datafield>
   <marc:datafield ind1="1" ind2=" " tag="521">
      <marc:subfield code="a">FSK ab 12 freigegeben</marc:subfield>
   </marc:datafield>
   <marc:datafield ind1="1" ind2=" " tag="521">
      <marc:subfield code="a">12</marc:subfield>
   </marc:datafield>
   <marc:datafield ind1=" " ind2=" " tag="338">
      <marc:subfield code="a">Videodisk</marc:subfield>
   </marc:datafield>
</marc:record>
